000
00291nam a22001217a 4500
020
_a
0-85229-163-9
082
_a
030 GRE'H
100
_a
ADLER, M.J
_9
76479
245
_a
AESCHYLUS SOPHOCLES EURIPIDE, ARISTOPHANES
260
_a
CHICAGO
_b
WILLIAM BENTON
_c
1952
300
_a
V-5
942
_c
BK
999
_c
581872
_d
581872